[Event "11th Chennai Open-GM 2019"]
[Site "Chennai"]
[Date "2019.01.19"]
[Round "3"]
[White "Ziatdinov, Raset"]
[Black "Erigaisi Arjun"]
[Result "1-0"]
[WhiteElo "2248"]
[BlackElo "2548"]
[Annotator "TA"]
[PlyCount "121"]
[EventDate "2019.01.18"]
[EventType "swiss"]
[EventCountry "IND"]
[SourceTitle "playchess.com"]
[Source "ChessBase"]
[SourceQuality "1"]

{[%evp 19,121,0,-7,0,-14,-38,-49,-54,-69,-79,34,22,34,-26,3,-63,-58,-90,-68,-79,-64,-75,-67,-52,-98,-81,-78,-136,-134,-129,-132,-129,-133,-212,-204,-200,-212,-361,-331,-348,-354,-383,-394,-329,-296,-283,-317,-314,-278,-431,-309,-300,-311,-333,-341,-350,-348,-337,-337,-330,-337,-333,-318,-335,-313,-487,-144,-170,-39,-99,-37,-36,-16,-35,-64,-44,-64,-112,204,204,141,200,158,51,391,391,377,377,377,369,339,352,438,453,452,444,426,415,367,318,478,480,29940,2104]} 1. e4 c5 2. Nf3 d6 3. d4 cxd4 4. Nxd4 Nf6 5. Nc3 a6 6. Bg5 e6 7. Qe2 Be7 8. h4 {B95: Sicilian Najdorf: 6 Bg5 e6, unusual White 7th moves} (8. f4 h6 9. Bxf6 Bxf6 10. O-O-O Qc7 11. Qd2 Bd7 12. Kb1 b5 13. g4 b4 14. Nce2 Nc6 15. Nf3 Be7 16. h4 a5 {½-½ (48) Jobava,B (2669)-Yilmaz,M (2622) Izmir 2016}) 8... b5 9. a3 Bb7 10. O-O-O Nbd7 {LiveBook: 4 Games} 11. Rh3 Rc8 12. Qe1 $146 ({Predecessor:} 12. Kb1 O-O 13. f4 h6 14. g4 Rxc3 15. Rxc3 Nxe4 {1-0 (25) Sobolevsky,L (2377)-Kurenkov,N (2447) Gotha 2006}) 12... h6 13. Bd2 Qb6 14. Nb3 b4 (14... Qc7 $17 15. Bd3 Ne5) 15. axb4 $14 Qxb4 {[%cal Rf6e4]} 16. Rd3 (16. f3 $1 $14) 16... Qb6 (16... Bxe4 $6 17. Rd4 $16) 17. Be3 (17. Kb1 $11) 17... Qc7 $36 {[%mdl 2048] Black is pushing.} 18. Rd4 Bxe4 19. Bxa6 Bb7 20. Rc4 Qd8 21. Ra4 Bxa6 22. Rxa6 O-O 23. Na5 (23. f3 $142) 23... Nb8 $17 24. Ra7 d5 $1 25. Nb5 {Threatening Nb7.} Qe8 26. Nc7 (26. Qe2 $17) 26... Qa4 $19 27. Nb3 Qg4 28. Rd4 (28. f3 $142 Qg6 29. Qc3) 28... Qg6 ({Not} 28... Qxg2 29. Nxe6 fxe6 30. Rxe7 $17) 29. h5 Nxh5 30. Qd1 Nc6 31. Rg4 Qh7 32. Rb7 Nf6 33. Ra4 Qg6 34. Ra6 (34. f3 $142) 34... Nd8 35. Rba7 Qxg2 36. Kb1 h5 37. Nb5 Bb4 38. c3 Nc6 39. cxb4 Nxa7 (39... Nxb4 40. Ra4 $17) 40. Nxa7 Ra8 41. b5 h4 42. Ra4 (42. Nd2 {was called for.} h3 43. Nf3) 42... Ne4 $2 (42... h3 $19 {has better winning chances.} 43. Bc5 Rfb8) 43. Nc6 $17 {Intending Ne7+ and mate.} Rae8 ({Weaker is} 43... Rxa4 44. Ne7+ Kh8 45. Qh5#) (43... Rfc8 $19 44. Rxa8 Rxa8) 44. Nd2 (44. Nc5 $15) 44... h3 ({Much weaker is} 44... Nxf2 $6 45. Bxf2 Qxf2 46. Nf3 $11) (44... f5 $17 {White must now prevent ...f4.} 45. Nxe4 fxe4) 45. Nxe4 $15 dxe4 46. Rc4 {Strongly threatening b6.} f5 {[%cal Bf7f5,Bf5f4][%mdl 32]} 47. Rc1 f4 48. Bc5 {[#]} Rf5 $2 {[%mdl 8192]} (48... Rf7 $1 $17 {and life is bright. And now ...e3! would win.} 49. Ne5 Rb7) 49. Qd7 $18 Qg6 {Hoping for ...Rxc5!} 50. Ne7+ Rxe7 51. Bxe7 (51. Qxe7 $16 {aiming for b6.} e3 52. Ka2) 51... h2 $2 {[%mdl 8192]} ({Black should try} 51... Rd5 $14 52. Qc8+ Kh7) 52. b6 e3 {[#] ( -> ...Ra5+)} 53. Ka2 $1 Rd5 54. Qc8+ Kh7 55. b7 Ra5+ 56. Ba3 Rb5 57. b8=Q Rxb8 58. Qxb8 Qe4 59. fxe3 Qd5+ (59... e5 $142 60. exf4 exf4) 60. Qb3 {Threatens to win with Qxd5.} Qd2 (60... h1=Q $18 61. Rxh1+ Qxh1 62. Qd3+ Kg8 63. exf4 Qh2) 61. Rh1 {Precision: White = 53%, Black = 54%.} (61. Rc2 $142 Qd5 62. Rxh2+ Kg6 63. Qxd5 exd5 64. exf4 Kf5 65. b4 d4 66. b5) 1-0

[Event "11th Chennai Open-GM 2019"]
[Site "Chennai"]
[Date "2019.01.19"]
[Round "3"]
[White "Suvrajit, Saha"]
[Black "Stupak, Kirill"]
[Result "0-1"]
[WhiteElo "2221"]
[BlackElo "2542"]
[Annotator "TA"]
[PlyCount "80"]
[EventDate "2019.01.18"]
[EventType "swiss"]
[EventCountry "IND"]
[SourceTitle "playchess.com"]
[Source "ChessBase"]
[SourceQuality "1"]

{[%evp 14,80,-4,-4,-7,-7,-4,-2,0,0,0,0,6,0,32,25,29,0,37,40,35,70,53,17,20,0,12,0,6,-4,-8,-22,-16,-77,-38,-37,-34,-37,-34,-50,-42,-41,-47,-63,-45,-87,-52,-52,-66,-93,-44,-53,-50,-40,-35,-35,-35,-40,-31,-52,-31,-577,-572,-648,-648,-639,-627,-564,-547]} 1. d4 Nf6 2. Nf3 e6 3. Bf4 c5 4. e3 d5 5. c3 Nc6 6. Nbd2 Nh5 7. Be5 {D02: 1 d4 d5 2 Nf3 sidelines, including 2...Nf6 3 g3 and 2...Nf6 3 Bf4} (7. Bg5 Qc7 8. Ne5 g6 9. Nxc6 bxc6 10. Be2 Rb8 11. Rb1 h6 12. Bh4 g5 13. Bxh5 gxh4 14. O-O Bd6 {1-0 (53) Harikrishna,P (2732)-Navara,D (2727) Prague 2018}) 7... f6 8. Bg3 $1 {LiveBook: 5 Games} g6 9. Bd3 $146 {The position is equal.} ({Predecessor:} 9. Bh4 Ng7 10. Bd3 g5 11. Bg3 cxd4 12. exd4 Bd6 13. Qc2 e5 14. dxe5 fxe5 15. Bxh7 {1-0 (48) Pesniak,N (2018)-Baturin,V Tomsk 2013}) 9... Qb6 {next ...c4 is good for Black.} 10. Rb1 Bd7 11. O-O cxd4 12. exd4 Nxg3 13. hxg3 Bd6 14. Re1 O-O 15. b4 {[%cal Bb2b4,Bb4b5][%mdl 32]} Kg7 16. c4 dxc4 ({Avoid the trap} 16... Bxb4 $2 {[#]} 17. a3 $1 $18 {[%mdl 512]}) 17. Nxc4 {[%mdl 64] [#] Double Attack} Qc7 18. b5 Nb4 19. Bf1 Nd5 20. Qb3 Be7 21. b6 Qd8 22. bxa7 $1 Rxa7 23. Nb6 (23. Ne3 $11) 23... Nxb6 (23... Bb4 {keeps more tension.} 24. Nxd5 Bxe1 25. Nf4 Ba5 26. Bc4 Bc7) 24. Qxb6 Qxb6 25. Rxb6 Bd8 26. Rb2 Ba5 27. Reb1 b6 28. Rc1 h5 29. Bd3 Rc8 30. Rxc8 Bxc8 31. Kf1 Rd7 32. Rc2 Bb7 33. Bb5 Re7 34. a3 Be4 35. Rc8 g5 {[%cal Bg6g5,Bg5g4][%mdl 32]} 36. Ke2 e5 37. dxe5 $2 {[%mdl 8192]} (37. Re8 $15 Rxe8 38. Bxe8) 37... Bxf3+ $1 $19 {Black is clearly winning.} 38. Kxf3 g4+ 39. Kf4 Rxe5 {[%cal Ra5d2]} 40. Rc7+ Kh6 {Accuracy: White = 49%, Black = 65%.} 0-1

[Event "11th Chennai Open-GM 2019"]
[Site "Chennai"]
[Date "2019.01.19"]
[Round "3"]
[White "Saurabh Anand"]
[Black "Megaranto, Susanto"]
[Result "1/2-1/2"]
[WhiteElo "2210"]
[BlackElo "2530"]
[Annotator "TA"]
[PlyCount "63"]
[EventDate "2019.01.18"]
[EventType "swiss"]
[EventCountry "IND"]
[SourceTitle "playchess.com"]
[Source "ChessBase"]
[SourceQuality "1"]

{[%evp 18,63,67,39,60,80,81,71,86,83,76,86,81,78,86,27,29,29,50,39,52,0,0,0,2,0,0,0,0,0,0,0,0,0,0,0,0,0,0,0,0,0,0,0,0,0,0,0]} 1. e4 {[%cal Be2e4,Be4e5][%mdl 32]} Nf6 2. e5 Nd5 3. d4 d6 4. Nf3 Bg4 5. Be2 e6 6. O-O Be7 7. c4 Nb6 8. Nc3 O-O 9. Be3 N8d7 10. b3 {LiveBook: 13 Games. B05: Alekhine's Defence: 4 Nf3 Bg4} Bxf3 $146 ({Predecessor:} 10... dxe5 11. Nxe5 Bf5 12. Nxd7 Nxd7 13. Bd3 Bxd3 14. Qxd3 c6 15. Rfd1 Rc8 16. Bf4 Qa5 17. Ne4 Qf5 {½-½ (53) Gao,R (2484)-Bu,X (2699) Sharjah 2014}) 11. Bxf3 dxe5 12. Bxb7 {White is better.} Rb8 {[#] Threatens to win with ...exd4.} 13. Bc6 exd4 14. Bxd4 Bf6 15. Bxd7 {Hoping for Bxf6.} Nxd7 16. Bxf6 (16. Ne4 $16) 16... Nxf6 $11 17. Qf3 Qd6 18. Rfd1 Qc5 19. Ne4 Nxe4 {The position is equal.} 20. Qxe4 Rfd8 21. Qe2 a5 22. Rxd8+ Rxd8 {[%mdl 4096] Endgame KQR-KQR} 23. Rd1 Rd4 24. Rxd4 Qxd4 {KQ-KQ} 25. g3 g6 26. Kg2 h5 27. Qf3 Qc5 28. Qf6 Qc6+ 29. Kg1 Qd6 30. Qf3 Qc5 31. Qf6 Qd6 32. Qf3 {Precision: White = 63%, Black = 71%.} 1/2-1/2

[Event "11th Chennai Open-GM 2019"]
[Site "Chennai"]
[Date "2019.01.19"]
[Round "3"]
[White "Samant Aditya S"]
[Black "Vignesh N R"]
[Result "0-1"]
[WhiteElo "2205"]
[BlackElo "2461"]
[Annotator "TA"]
[PlyCount "68"]
[EventDate "2019.01.18"]
[EventType "swiss"]
[EventCountry "IND"]
[SourceTitle "playchess.com"]
[Source "ChessBase"]
[SourceQuality "1"]

{[%evp 22,68,43,24,30,0,56,44,54,20,34,25,49,44,62,23,93,31,2,12,23,-10,0,-60,-27,-95,-81,-63,-84,-91,-93,-73,-74,-110,-104,-96,-95,-105,-107,-104,-105,-100,-91,-183,-136,-29980,-29981,-29981,-29981]} 1. e4 c5 2. Nf3 d6 3. d4 Nf6 4. Nc3 cxd4 5. Nxd4 a6 6. h3 e6 7. g4 Nfd7 {B81: Sicilian Scheveningen: Keres Attack} (7... h6 8. Bg2 g5 9. Be3 Nbd7 10. Qe2 Ne5 11. O-O-O Nfd7 12. h4 Rg8 13. hxg5 hxg5 14. Kb1 b5 15. f4 gxf4 16. Bxf4 Bb7 {½-½ (56) Karjakin,S (2773)-Mamedyarov,S (2801) Saint Louis 2018}) 8. Be3 b5 9. a3 Bb7 10. g5 Be7 11. h4 O-O 12. Qd2 {LiveBook: 5 Games} Nc6 13. O-O-O Nc5 (13... Nxd4 $11 14. Bxd4 Rc8) 14. f3 $14 Rb8 15. Kb1 Nxd4 16. Bxd4 Bc6 $146 17. Qh2 {Hoping for Bxc5.} Nd7 18. g6 e5 ({Much worse is} 18... hxg6 $6 19. h5 $16) (18... fxg6 $11 {keeps the balance.} 19. h5 g5) 19. gxf7+ (19. Ba7 $16) 19... Rxf7 20. Be3 Rxf3 21. Qe2 Rf8 $36 {[%mdl 2048] Black has the initiative.} 22. Nd5 (22. Bh3 $11) 22... Nf6 (22... Bxd5 $5 23. exd5 Kh8 $11) 23. Bg2 (23. Rg1 $11) 23... Nxd5 $17 24. exd5 Bd7 25. Be4 {Black must now prevent Qh5.} Bf5 26. Bxf5 Rxf5 27. Qg4 Qc8 28. h5 Rf7 29. Qg2 b4 30. axb4 Rxb4 31. Bc1 Bf6 32. Rdf1 {[#]} (32. Rh3 $17) 32... e4 $1 $19 {aiming for ...Bxb2!} 33. Rhg1 $2 {[%mdl 8192] [#]} (33. Rh3 $17) 33... Bxb2 $1 {[%mdl 512]} 34. Rxf7 (34. Bxb2 Qc3) 34... Bf6+ {Accuracy: White = 32%, Black = 70%.} 0-1

[Event "11th Chennai Open-GM 2019"]
[Site "Chennai"]
[Date "2019.01.19"]
[Round "3"]
[White "Michelle Catherina, P."]
[Black "Akash G"]
[Result "0-1"]
[WhiteElo "2175"]
[BlackElo "2453"]
[Annotator "TA"]
[PlyCount "74"]
[EventDate "2019.01.18"]
[EventType "swiss"]
[EventCountry "IND"]
[SourceTitle "playchess.com"]
[Source "ChessBase"]
[SourceQuality "1"]

{[%evp 20,74,35,10,42,9,15,14,37,-45,-48,-39,-28,-34,-45,-41,-34,-38,-44,-47,-39,-33,-30,-31,-24,-40,-36,-32,-30,-32,-27,-43,-43,-93,-71,-109,-112,-137,-133,-140,-140,-133,-133,-219,-213,-288,-270,-463,-100,-858,-858,-826,-660,-5189,-1256,-1254,-1251]} 1. e4 c5 2. Nf3 d6 ({Predecessor:} 2... Nc6 3. Nc3 d6 4. d4 cxd4 5. Nxd4 {½-½ (47) Bilguun,S (2497)-Docena,J (2426) Makati 2018}) 3. d4 cxd4 4. Nxd4 Nf6 5. Nc3 Nc6 6. Bg5 e6 7. Qd2 a6 8. O-O-O Bd7 9. f3 Nxd4 $146 (9... Be7 10. h4 Nxd4 {0-1 (43) Smirin,I (2609)-Dubov,D (2703) St Petersburg 2018}) 10. Qxd4 Be7 11. h4 Qc7 {B67: Sicilian: Richter-Rauzer: 7...a6 8 0-0-0 Bd7, lines without 9 f4 Be7} (11... Bc6 12. Kb1 O-O 13. Qd2 b5 14. Bd3 b4 15. Ne2 a5 16. Be3 Qb8 17. g4 a4 18. Nd4 Bd7 19. h5 b3 20. g5 bxa2+ 21. Ka1 Ne8 22. g6 {0-1 (43) Smirin,I (2609)-Dubov,D (2703) St Petersburg 2018}) 12. Qd2 b5 13. Ne2 Rc8 {The position is equal.} ({Predecessor:} 13... a5 14. g4 b4 15. Kb1 h5 16. gxh5 Nxh5 17. Rg1 Nf6 18. Ng3 a4 19. f4 {½-½ (47) Bilguun,S (2497)-Docena,J (2426) Makati 2018}) 14. Nd4 (14. g4 $14) 14... h6 $15 15. Be3 e5 16. Nf5 Bxf5 $1 17. exf5 d5 18. Kb1 d4 19. Bf2 Nd5 20. Bd3 Bb4 21. Qe2 O-O 22. Be1 Bxe1 23. Rdxe1 Rfe8 $36 {[%mdl 2048] Black has some pressure.} 24. g4 Qd6 25. Qd2 b4 26. Be4 Nf4 27. Ka1 a5 {[%cal Ba6a5,Ba5a4,Ba4a3,Ba3b2][%mdl 32]} 28. Rc1 Qc5 29. Rcd1 a4 30. Rhe1 Rc7 31. Rf1 (31. g5 $17) 31... Rec8 32. Rfe1 a3 33. Rb1 $2 {[#]} (33. bxa3 {was necessary.} bxa3 34. Rb1) 33... Qd6 $2 (33... b3 $1 $19 {[%mdl 512]} 34. cxb3 {[#]} (34. axb3 d3) 34... d3 $1 {[%mdl 512]} 35. Bxd3 Qd4) 34. g5 $2 {[%mdl 8192] [#]} (34. bxa3 $17 bxa3 35. Qb4 Qxb4 36. Rxb4) 34... d3 $1 $19 {[%mdl 512] Black is clearly winning.} 35. Bxd3 {[#]} (35. cxd3 Rc2) 35... b3 $1 {[%mdl 512]} 36. Rec1 (36. axb3 Ra7) 36... bxa2 (36... bxc2 $142 37. Rxc2 Nxd3 38. Rxc7 Rxc7) 37. Kxa2 axb2 {Accuracy: White = 26%, Black = 81%.} 0-1

[Event "11th Chennai Open-GM 2019"]
[Site "Chennai"]
[Date "2019.01.19"]
[Round "3"]
[White "Masango, Spencer"]
[Black "Shyaamnikhil P"]
[Result "0-1"]
[WhiteElo "2168"]
[BlackElo "2446"]
[Annotator "TA"]
[PlyCount "86"]
[EventDate "2019.01.18"]
[EventType "swiss"]
[EventCountry "IND"]
[SourceTitle "playchess.com"]
[Source "ChessBase"]
[SourceQuality "1"]

{[%evp 27,86,18,36,-52,-17,-25,-25,-17,-21,-22,-22,-19,9,-35,-11,-20,12,-43,-12,-119,-66,-95,-56,-155,-147,-186,0,0,0,-16,0,0,49,-36,-16,-46,-47,-102,-93,-226,-215,-312,-316,-277,-289,-263,-243,-252,-203,-324,-318,-902,-891,-29967,-29968,-29961,-29964,-5756,-5968,-2940,-2083]} 1. Nf3 b6 2. g3 Bb7 3. Bg2 g6 4. O-O Bg7 5. c4 c5 6. Nc3 Nf6 7. d4 cxd4 8. Qxd4 d6 9. Rd1 Nbd7 10. Be3 O-O 11. Qh4 Rc8 12. Rac1 Re8 {A30: Symmetrical English: Double Fianchetto and Hedgehog} 13. b3 Qc7 14. Nd5 Qb8 {[#] LiveBook: 3 Games. The position is equal.} 15. Bd4 $146 (15. Nd4 $14) ({Predecessor:} 15. Bh3 e6 16. Nc3 a6 17. Bh6 b5 {½-½ (64) Lafuente,P (2565)-Bitoon,R (2447) Khanty-Mansiysk 2010}) 15... e5 16. Bb2 Nxd5 17. cxd5 Rxc1 18. Bxc1 Qc7 19. Qa4 a6 20. Ba3 b5 21. Qb4 $1 Nc5 (21... e4 $5 {[%cal Re4f3]} 22. Nd4 Nb6 23. Qxd6 Qxd6 24. Bxd6 Nxd5 $15) 22. Qh4 (22. e4 $11) 22... h6 (22... e4 $5 {[%cal Re4f3]} 23. Nd4 Qa5 $15) 23. Rc1 {[#]} (23. Nd2 $11 {remains equal.}) 23... Qa5 ({Of course not} 23... Bxd5 $6 24. b4 $11) (23... e4 $1 $17 {Strongly threatening ...Qa5.} 24. b4 exf3 25. Bxf3 g5) 24. Bxc5 dxc5 25. e4 (25. d6 $1 $15) 25... Qxa2 $17 26. Rxc5 {Qg4 would now be nice for White.} Qa5 $2 ({Black should try} 26... Qb1+ $19 27. Bf1 Bc8) 27. Bh3 $1 $11 Qb6 28. Rc1 Qd6 29. Ne1 h5 {[%cal Bh6h5,Bh5h4][%mdl 32] aiming for ...Bf6.} 30. g4 (30. Qg5 $1 $14) 30... Bf6 31. Qg3 {Black must now prevent gxh5.} Bg5 32. Rc2 (32. Rb1 $15) 32... Qb4 $1 $36 {[%csl LRe1,LRe4][%mdl 2048] Black is in control.} 33. Re2 {[#]} (33. Kf1 $17 Qxe4 34. gxh5) 33... h4 $1 $19 {[%cal Rh4g3]} 34. Nc2 (34. Qf3 $142) 34... Qxe4 $1 ({Not} 34... hxg3 35. Nxb4 gxf2+ 36. Kxf2 $15) 35. Rxe4 hxg3 36. Nb4 gxh2+ 37. Kxh2 Rc8 38. Kg2 (38. Nc6 $142) 38... a5 39. Nc6 $2 (39. Rxe5 Bf6 40. Re2) 39... Rxc6 40. dxc6 Bxc6 41. Kf3 a4 42. bxa4 bxa4 43. Bf1 f5 {[%mdl 64] Pin. Accuracy: White = 24%, Black = 53%.} 0-1

[Event "11th Chennai Open-GM 2019"]
[Site "Chennai"]
[Date "2019.01.19"]
[Round "3"]
[White "Srihari L"]
[Black "Harikrishnan.A.Ra"]
[Result "0-1"]
[WhiteElo "2167"]
[BlackElo "2430"]
[Annotator "TA"]
[PlyCount "100"]
[EventDate "2019.01.18"]
[EventType "swiss"]
[EventCountry "IND"]
[SourceTitle "playchess.com"]
[Source "ChessBase"]
[SourceQuality "1"]

{[%evp 24,100,14,7,17,21,26,18,35,20,27,26,39,48,64,64,120,127,123,116,93,43,77,0,0,-45,0,-51,-60,-56,0,-22,-17,-31,-26,-49,-38,-31,-37,-29,-17,-49,-33,-30,-22,-39,0,0,10,17,17,12,14,13,78,0,0,0,0,0,-2,-22,0,0,0,0,0,-59,-59,-59,-52,-55,-64,-776,-762,-29989,-29990,-29990,-29991]} 1. e4 e5 2. Nf3 Nc6 3. Bc4 Bc5 4. c3 Nf6 5. d3 O-O 6. O-O h6 7. Bb3 d6 8. Nbd2 Bb6 9. h3 Ne7 10. Nc4 Ng6 11. Nxb6 {C54: Giuoco Piano: 4 c3 Nf6, main lines with 5 d4 and 5 d3} (11. a4 c6 12. Nxb6 Qxb6 13. Be3 Qc7 14. a5 d5 15. exd5 Nxd5 16. Bc5 Re8 17. Re1 Bf5 18. Bc2 b6 19. axb6 axb6 20. Rxa8 Rxa8 {1-0 (45) Antipov,M (2569)-Alekseev,E (2642) Berlin 2015}) 11... axb6 12. Re1 Re8 13. Bc2 {LiveBook: 7 Games. The position is equal.} Nh7 14. d4 Qf6 15. Nh2 $146 ({Predecessor:} 15. Be3 Ng5 16. Nxg5 hxg5 17. Qh5 Nf4 18. Bxf4 gxf4 19. Bb3 {0-1 (64) Bezgodova,M (2172)-Qiu,M (2091) Kocaeli 2013}) 15... Ng5 16. dxe5 dxe5 17. Ng4 Qe7 18. Ne3 $1 Nf4 19. h4 Rd8 (19... Nh7 $14) 20. Nd5 $16 Nxd5 21. exd5 Nh7 {[%cal Bg5h7,Bh7f6,Bf6g4,Bg4e5,Be5f3][%mdl 32]} 22. Qe2 Re8 23. g3 (23. Bf4 $16) 23... Nf6 $11 24. c4 (24. Bf4 $5) 24... Bg4 25. Qe3 (25. f3 $11 Bh5 26. g4) 25... Qd7 $15 26. b3 Bf5 ({Black should try} 26... e4 $15 27. Bb2 Bf3) 27. Bxf5 Qxf5 28. Bb2 Ng4 29. Qe2 e4 30. Bd4 c5 31. dxc6 bxc6 32. Bxb6 Ne5 33. Kg2 Nf3 34. Rh1 c5 {aiming for ...Nd4.} 35. Rad1 Nd4 36. Rxd4 $1 cxd4 37. Bxd4 Red8 38. Be3 Qa5 {[#]} (38... Rdb8 $11 {keeps the balance.}) 39. Qg4 (39. Rb1 $1 $16) 39... h5 $36 {[%mdl 2048] Black has the initiative.} 40. Qxe4 Qxa2 41. b4 Re8 42. Qf4 Ra6 43. Rd1 Rf6 44. Qd4 Qe2 {...Rxe3! is the strong threat.} 45. Rd2 (45. Bf4 $11) 45... Qf3+ $15 {[%mdl 1024] Black has compensation.} 46. Kh2 Re4 $1 {[%cal Re4d4]} 47. Qd8+ Kh7 48. b5 $2 {[%mdl 8192]} (48. Qd3 $15) 48... Rg6 $19 49. Rd3 {[#]} Rxe3 $1 {[%mdl 512]} 50. Rxe3 Qxf2+ {Precision: White = 52%, Black = 56%.} 0-1

[Event "11th Chennai Open-GM 2019"]
[Site "Chennai"]
[Date "2019.01.20"]
[Round "4"]
[White "Predke, Alexandr"]
[Black "Navin, Kanna T.u."]
[Result "1/2-1/2"]
[WhiteElo "2620"]
[BlackElo "2286"]
[Annotator "TA RC"]
[PlyCount "60"]
[EventDate "2019.01.18"]
[EventType "swiss"]
[EventCountry "IND"]
[SourceTitle "playchess.com"]
[Source "ChessBase"]
[SourceQuality "1"]

{[%evp 22,60,34,35,41,33,33,31,25,29,33,33,31,12,10,41,32,44,42,37,32,28,61,31,43,26,38,18,20,-15,-14,-16,-16,-14,-15,-49,10,0,0,-40,39]} 1. e4 e5 2. Nf3 Nc6 3. Bb5 a6 4. Ba4 Nf6 5. O-O b5 6. Bb3 Bc5 7. a4 Rb8 {C78: Ruy Lopez: Archangelsk and Möller Defences} 8. Nxe5 (8. c3 d6 9. d4 Bb6 10. a5 Ba7 11. h3 O-O 12. Re1 Bb7 13. Be3 exd4 14. cxd4 Ne7 15. Nbd2 Bxe4 16. Nxe4 Nxe4 17. Qc2 d5 {0-1 (33) Yu,Y (2759)-Svidler,P (2753) Shenzhen 2018}) 8... Nxe5 9. d4 Bxd4 10. Qxd4 d6 11. Bf4 O-O 12. f3 {LiveBook: 10 Games} c5 13. Qd2 c4 14. Ba2 $1 Be6 15. Nc3 b4 $146 16. Ne2 b3 17. Bb1 bxc2 18. Bxc2 Rxb2 19. Rfb1 Rxb1+ 20. Rxb1 Qc7 21. Rd1 {[%mdl 1024] White has compensation.} Ne8 22. Nc3 h6 23. Bg3 Nc6 24. Rb1 ({Don't play} 24. Bxd6 Nxd6 25. Qxd6 Qb6+ 26. Kf1 Rd8 $15) 24... Nb4 25. Bf2 Nxc2 26. Qxc2 Nf6 27. Qd2 Rb8 28. Rd1 Rd8 (28... Rb3 $15) 29. Rb1 {Black should prevent Bb6.} Rb8 30. Rd1 Rd8 {Accuracy: White = 48%, Black = 52%.} ({Black should play} 30... Ne8 $15) 1/2-1/2

[Event "11th Chennai Open-GM 2019"]
[Site "Chennai"]
[Date "2019.01.20"]
[Round "4"]
[White "Predke, Alexandr"]
[Black "Navin, Kanna T.u."]
[Result "*"]
[WhiteElo "2620"]
[BlackElo "2286"]
[Annotator "TA"]
[PlyCount "30"]
[EventDate "2019.01.18"]
[EventType "swiss"]
[EventCountry "IND"]
[SourceTitle "playchess.com"]
[Source "ChessBase"]
[SourceQuality "1"]

{[%evp 22,27,35,31,29,37,35,32]} 1. e4 e5 2. Nf3 Nc6 3. Bb5 {[%cal Bf1b5,Bb5a4,Ba4b3][%mdl 32]} a6 4. Ba4 Nf6 5. O-O b5 6. Bb3 Bc5 7. a4 Rb8 {C78: Ruy Lopez: Archangelsk and Möller Defences} 8. Nxe5 Nxe5 9. d4 Bxd4 10. Qxd4 d6 11. Bf4 O-O 12. f3 {LiveBook: 10 Games} c5 13. Qd2 c4 14. Ba2 $1 {[#]} {Predecessor:} Be6 $146 15. axb5 axb5 {1-0 (61) Wang,H (2711)-Sunilduth Lyna,N (2574) Abu Dhabi 2018} *

[Event "11th Chennai Open-GM 2019"]
[Site "Chennai"]
[Date "2019.01.20"]
[Round "4"]
[White "Paichadze, Luka"]
[Black "Laxman, R.R."]
[Result "1-0"]
[WhiteElo "2583"]
[BlackElo "2421"]
[Annotator "TA"]
[PlyCount "118"]
[EventDate "2019.01.18"]
[EventType "swiss"]
[EventCountry "IND"]
[SourceTitle "playchess.com"]
[Source "ChessBase"]
[SourceQuality "1"]

{[%evp 23,118,0,0,-15,29,17,45,45,49,44,45,38,33,37,32,31,34,23,33,25,47,45,56,39,64,43,43,42,52,29,100,49,55,25,77,10,5,0,83,79,85,92,160,151,204,207,206,197,200,134,210,195,197,136,279,284,300,284,290,283,263,200,223,218,226,231,210,152,183,153,155,167,632,543,602,490,453,402,932,885,897,841,2839,5210,6231,6224,6203,5705,5485,5469,5173,4185,2771,2064,29964,29967,5485]} 1. e4 e5 2. Nf3 Nc6 3. Bc4 Bc5 4. c3 Nf6 5. b4 Bb6 6. d3 d6 7. a4 a5 8. b5 Ne7 9. O-O Ng6 10. Nbd2 O-O 11. Bb3 c6 12. Nc4 {C54: Giuoco Piano: 4 c3 Nf6, main lines with 5 d4 and 5 d3} Bc7 {LiveBook: 21 Games} 13. Ne3 (13. Re1 Be6 14. Ba3 Re8 15. Ng5 Bxc4 16. Bxc4 d5 17. Ba2 Bd6 18. Bxd6 Qxd6 19. Rb1 h6 {0-1 (42) Ganguly,S (2615)-Karjakin,S (2753) Kolkata 2018}) 13... Be6 14. Ba3 $146 {White has an edge.} ({Predecessor:} 14. Re1 Qd7 15. c4 Rad8 16. Ng5 d5 17. Qf3 h6 18. Nxe6 fxe6 19. Qg3 Nf4 {0-1 (42) Al Jaabari,O-Daas Hossem,E Tunis 2001}) 14... Re8 15. Bxe6 fxe6 16. bxc6 bxc6 17. Rb1 d5 18. Qc2 Bd6 19. Bxd6 Qxd6 20. c4 Qc5 21. Rfc1 dxe4 22. dxe4 Red8 23. Rd1 Rab8 24. Rxd8+ Rxd8 25. g3 h6 26. Rb7 Rd7 (26... Nf8 $11 {remains equal.}) 27. Rxd7 ({White should try} 27. Rb8+ $16 Kh7 28. Kg2) 27... Nxd7 $14 28. h4 Ngf8 (28... Nb6 $11) 29. Qd1 (29. Ng4 $16) 29... Nf6 $11 30. Qd3 N6d7 (30... N8d7 $11 {keeps the balance.}) 31. Ng4 $16 h5 32. Ne3 Qb4 (32... Kf7 $142) 33. Qd1 g6 (33... Qb6 $16 {was called for.} 34. Qd6 Qb1+ 35. Kh2 Nf6) 34. Ng5 $1 $18 Qe7 35. Nf1 Nc5 36. Nh2 Qd7 {[#]} (36... Nfd7 $16 37. Nhf3 Nb7) 37. Qe1 $1 Qc7 {[#]} 38. Qa1 ({Better is} 38. Qc3 $1 $18) 38... Nh7 (38... Nfd7 $16) 39. Nhf3 Nxg5 40. Nxg5 Qd6 41. Kg2 Nd3 42. Qc3 Qd4 43. Qxd4 exd4 44. Nxe6 {[%mdl 4096] Endgame KN-KN} c5 45. Kf1 Kf7 46. Nd8+ Kf6 47. Nb7 Ke5 $2 (47... Nb2) 48. Ke2 Nb2 49. Nxc5 Nxc4 50. f4+ Kf6 (50... Kd6 $142 51. Nb3 Nb2 52. Nxa5 Nxa4) 51. Kd3 Ne3 52. Kxd4 Nf1 53. Nb3 Nxg3 54. Ke3 Nf1+ 55. Ke2 Ng3+ 56. Kf3 Nf1 57. Nxa5 Nd2+ 58. Ke3 Nf1+ 59. Ke2 Nh2 {Accuracy: White = 65%, Black = 27%.} 1-0